000 00947nam a2200265 a 4500
001 BRCA_4819
005 20190320204823.0
008 980902s1998 sp-######b---#000-0bspa-d
020 _a848833320X
041 _aspa
044 _asp
050 4 _aDP171.5
_b.T47 1998
100 1 _aTestón Núñez, Isabel
_912214
245 1 0 _aEl buscador de gloria
_bguerra y magia en la vida de un hidalgo castellano del siglo XVI
_cIsabel Testón Núñez, Rocío Sánchez Rubio, Ma. Ángeles Hernández Bermejo.
260 _aEspaña
_bCentro de Estudios Cervantinos
_c1998
300 _a237 p.
_c24 cm.
504 _aIncluye referencias bibliográficas
600 1 4 _aMedina Venegas, Juan de
_ySiglo XVI
_912215
650 1 4 _aInquisición
_zMéxico
_98130
651 4 _aEspaña
_vBibliografía
_912216
700 1 _aSánchez Rubio, Rocío
_ecoaut.
_912217
700 1 _aHernández Bermejo, María Angeles
_ecoaut.
_912218
902 _aCERV
942 _2lcc
_cB
999 _c4515
_d4515